| 000 | 00686nam a2200181Ia 4500 | ||
|---|---|---|---|
| 008 | 090630s9999 xx 000 0 und d | ||
| 082 | _b21873 | ||
| 100 | _aकुकडे सुमती. | ||
| 245 |
_aआपले शरीर अद्रभूत कोडे. _cकुकडे सुमती. |
||
| 260 |
_bमधुराज - पुणे. _c2002 |
||
| 300 | _a32 | ||
| 600 | _aकुकडे सुमती. | ||
| 630 | _aआपले शरीर अद्रभूत कोडे. | ||
| 655 | _aबालवाङमय. | ||
| 700 | _aकुकडे सुमती. | ||
| 730 | _aआपले शरीर अद्रभूत कोडे. | ||
| 942 | _cBOOK | ||
| 999 |
_c273729 _d273729 |
||